书目信息 |
| 题名: |
农作物秸杆养牛手册
|
|
| 作者: | 刁其玉 主编 | |
| 分册: | ||
| 出版信息: | 北京 化学工业出版社 2013.11 |
|
| 页数: | 235页 | |
| 开本: | 21cm | |
| 丛书名: | ||
| 单 册: | ||
| 中图分类: | S816.534-62 , S823-62 | |
| 科图分类: | ||
| 主题词: | 秸秆--饲料加工--手册 , 养牛学--手册 , 秸秆 , 饲料加工 , 养牛学 | |
| 电子资源: | ||
| ISBN: | 978-7-122-18055-1 | |
| 000 | 01097nam0 2200301 450 | |
| 001 | 0120131149953 | |
| 005 | 20140609160734.65 | |
| 010 | @a978-7-122-18055-1@dCNY25.00 | |
| 100 | @a20131030d2013 em y0chiy0110 ea | |
| 101 | 0 | @achi |
| 102 | @aCN@b110000 | |
| 105 | @aak z 000yy | |
| 106 | @ar | |
| 200 | 1 | @a农作物秸杆养牛手册@9nong zuo wu jie gan yang niu shou ce@f刁其玉主编 |
| 210 | @a北京@c化学工业出版社@d2013.11 | |
| 215 | @a235页@c图@d21cm | |
| 330 | @a本书从介绍牛的主要消化生理和营养物质利用为入口,重点介绍了我国主要农作物秸秆的种类和特点,详细描述了青贮饲料的调制技术、秸秆碱化和氨化的处理技术、农作物副产品生物处理技术以及加工成颗粒块状饲料的成型工艺等技术手段,并附有秸秆在牛饲料营养实际中的应用实例。 | |
| 333 | @a本书适合广大养羊场(户)和基层畜牧兽医工作者参考、应用 | |
| 606 | 0 | @a秸秆@x饲料加工@j手册 |
| 606 | 0 | @a养牛学@j手册 |
| 606 | 0 | @a秸秆 |
| 606 | 0 | @a饲料加工 |
| 606 | 0 | @a养牛学 |
| 690 | @aS816.534-62@v5 | |
| 690 | @aS823-62@v5 | |
| 701 | 0 | @a刁其玉@9diao qi yu@4主编 |
| 801 | 0 | @aCN@b人天书店@c20131030 |
| 905 | @b847220-22@dS816.534-62@e101@f3 | |
| 农作物秸杆养牛手册/刁其玉主编.-北京:化学工业出版社,2013.11 |
| 235页:图;21cm |
| 使用对象:本书适合广大养羊场(户)和基层畜牧兽医工作者参考、应用 |
| ISBN 978-7-122-18055-1:CNY25.00 |
| 本书从介绍牛的主要消化生理和营养物质利用为入口,重点介绍了我国主要农作物秸秆的种类和特点,详细描述了青贮饲料的调制技术、秸秆碱化和氨化的处理技术、农作物副产品生物处理技术以及加工成颗粒块状饲料的成型工艺等技术手段,并附有秸秆在牛饲料营养实际中的应用实例。 |
| ● |
| 相关链接 |
|
|
|
|
正题名:农作物秸杆养牛手册
索取号:S816.534-62/101
 
预约/预借
| 序号 | 登录号 | 条形码 | 馆藏地/架位号 | 状态 | 备注 |
| 1 | 847220 | 208472204 | 第二样本阅览室/ [索取号:S816.534-62/101] | 在馆 | |
| 2 | 847221 | 208472213 | 密集书库-生命科学系/ [索取号:S816.534-62/101] | 在馆 | |
| 3 | 847222 | 208472222 | 第三借阅区/ [索取号:S816.534-62/101] | 在馆 |